| 000 | 00784nam a2200289Ia 4500 | ||
|---|---|---|---|
| 001 | Para_9849 | ||
| 003 | CHAP | ||
| 008 | 220125s2000 xx 000 0 und d | ||
| 010 | _a208518 | ||
| 020 | _a84 - 7738 - 744 - 3 | ||
| 040 | _cCHAP | ||
| 082 | _aPA 581.1 V53 | ||
| 100 |
_aVicente Córdoba, Carlos _9134997 |
||
| 245 |
_aFisiología vegetal ambiental / _c Carlos Vicente Córdoba |
||
| 260 |
_aEspaña : _b Editorial Sintesis |
||
| 300 | _a350 p. | ||
| 440 |
_aBiología _912774 |
||
| 500 | _aCada capitulo incluye un glosario | ||
| 650 |
_aFisiología vegetal _941136 |
||
| 901 | _aPA 581.1 V53 | ||
| 902 | _aM | ||
| 905 | _a5222202000 an 8000000300 06 | ||
| 910 | _a2000 | ||
| 942 | _cPARA | ||
| 942 |
_cPARA _d1 |
||
| 999 |
_c208518 _d208518 |
||